01003nam a22002534aa4500003000800000005001700008008004100025040003000066041000800096044000700104082001800111100004000129245016400169260002500333300003600358500003600394502018000430650003100610653002800641653001400669653001300683653001700696700003600713BOFEUTO20260513110042.0260504t2025 bo gr 000 f spa d 6BOFEUTOaBOFEUTOcBOFEUTO aspa abo aTE6318bT617i aTito Condori, María Ingrideautor aImpacto del endomarketing en la satisfacción laboral de los empleados de la Empresa Quinrealbo S.R.L. /cMaría Ingrid Tito Condori, César Choque García aOruro :bs/n,c2025. a82 hojas ;bgráf. ;c28.5 cm. aIncluye bibliografía, anexos. aTesis Dirigida, (Licenciatura) -- Universidad Técnica de Oruro, Facultad de Ciencias Económicas, Financieras y Administrativas, Carrera Administración de Empresas, 2025. aImpacto del Endomarketing aSatisfaccción Laboral aObjetivos aPersonal aHerramientas aChoque García, Césaretutor